Qui a écrit ces livres ? - Statistiques

Statistiques générales
  • Ce quiz a été pris 2 004 fois
  • Le résultat moyen est 13 sur 27
Statistiques - réponses
Hint Réponse % Correct
L'étranger Albert Camus
95%
Le rouge et le noir Stendhal
86%
Le petit prince Antoine de Saint-Exupéry
83%
Hamlet Shakespeare
75%
Madame Bovary Gustave Flaubert
69%
Le père Goriot Honoré de Balzac
67%
Le comte de Monte-Cristo Alexandre Dumas
66%
Orgueils et Préjugés Jane Austen
66%
La bête humaine Emile Zola
59%
Les Hauts de Hurle-vent Emily Bronte
58%
À la recherche du temps perdu Marcel Proust
58%
Voyage au bout de la nuit Louis-Ferdinand Celine
57%
Gargantua François Rabelais
50%
Les métamorphoses Ovide
48%
Don Quichotte Cervantes
47%
Alcools Guillaume Apollinaire
46%
Le vieil homme et la mer Ernest Hemingway
40%
Le château Frank Kafka
40%
Antigone Jean Anouilh
40%
Lolita Vladimir Nabokov
35%
La condition humaine André Malraux
30%
Jacques le fataliste Diderot
29%
La belle au bois dormant Charles Perrault
26%
Oedipe roi Sophocle
25%
Moby Dick Herman Melville
22%
Mrs Dalloway Virginia Woolf
20%
Molloy Samuel Beckett
5%
Aucun quiz correspondant
Distribution des résultats
% des personnes avec chaque résultat
Percentile par nombre de réponses
Votre historique - résultats
Vous n’avez pas pris ce quiz